| 000 | 00881nam a2200229 a 4500 | ||
|---|---|---|---|
| 001 | 000042621 | ||
| 003 | OSt | ||
| 005 | 20201002040259.0 | ||
| 008 | 140203s2000 sp 000 0 spa d | ||
| 020 | _a8460711358 | ||
| 040 |
_aDO-SdBNP _bspa _cBNPHU |
||
| 100 | 1 |
_aÁlvarez Toledo, Luisa Isabel de, _d1936- _969879 |
|
| 245 | 1 | 0 |
_aÁfrica Versus América : _bla fuerza del paradigma / _cLuisa Isabel Álvarez de Toledo ; prólogo Hashim Ibrahim Cabrera. |
| 260 |
_aEspaña; _bCentro de Documentación y Publicaciones Islámicas, _c2000. |
||
| 300 |
_aiii, 510 p. : _bmaps. ; _c25 cm. |
||
| 500 | _aIncluye datos biográficos del autor en la solapa de la cubierta | ||
| 504 | _aIncluye referencias bibliográficas y notas al pie de las páginas | ||
| 590 | _aInventariado, 2020/ YL | ||
| 700 | 1 |
_aCabrera, Hashim Ibrahim _epról. _969880 |
|
| 910 | _aEn proceso | ||
| 942 |
_2ddc _cLF1 |
||
| 999 |
_c42110 _d42110 |
||